Statistiken für TOP 12 Länder (meiste Fußball EM-Teilnahmen)

Klicken Sie hier um das Quiz zu spielen!

Allgemein

  • Dieses Quiz wurde 171 mal gespielt
  • Das Durchschnittsergebnis liegt bei 10 aus 12

Antwortstatistiken

#Nation% Korrekt
14Deutschland
100%
12Spanien
99%
11Italien
98%
11Frankreich
96%
11England
93%
9Portugal
90%
11Niederlande
87%
7Belgien
80%
7Schweden
74%
10Dänemark
66%
8Tschechien
47%
7Kroatien
46%

Verteilung der Resultate

Perzentil nach korrekt beantworteten Fragen

Anzahl Personen mit jedem Resultat

Ihre Resultats-Entwicklung

Sie haben dieses Quiz noch nicht gespielt